01280nam a22003254a 4500001001200000003000800012006001900020007001500039008004100054010001700095020001500112040002100127035002100148050002600169082001500195245016400210260007000374300001600444504005100460533015200511650002000663650001800683655002900701700002400730700001900754700001900773710001700792856012600809999001900935ebr10044077CaPaEBRm u cr cn|||||||||001101s2001 enk sb 001 0 eng  z 00053056  z0333801954 aCaPaEBRcCaPaEBR a(OCoLC)55964609014aHQ1236b.W6529 2001eb04a305.4222100aWomen's rights and human rightsh[electronic resource] :binternational historical perspectives /cedited by Patricia Grimshaw, Katie Holmes, and Marilyn Lake. aBasingstoke, Hampshire [England] ;aNew York :bPalgrave,cc2001. axxi, 318 p. aIncludes bibliographical references and index. aElectronic reproduction.bPalo Alto, Calif. :cebrary,d2013.nAvailable via World Wide Web.nAccess may be limited to ebrary affiliated libraries. 0aWomen's rights. 0aHuman rights. 7aElectronic books.2local1 aGrimshaw, Patricia.1 aHolmes, Katie.1 aLake, Marilyn.2 aebrary, Inc.40uhttp://site.ebrary.com/lib/rucke/Doc?id=10044077zAn electronic book accessible through the World Wide Web; click to view c179206d179206